00388 a2200121 4500001000900000005001700009008004100026245005200067100002900119700002500148773007600173999001700249ART_915520260410161835.0260409a 10aEl ajuste integral por el método simplificado1 aSenderovich, Isaac Aizik1 aTelias, Alejandro J.0 tContabilidad y administracióng- Año 4, Nº 37 (jul. 1980)wREV5485 c23546d23546